000 00426nam a22001337a 4500
020 _a9780367735029
040 _cNUST
082 _a629.895
_bKAL
100 _aKaltjob,Patrick
_9127899
245 _aMechatronic Systems and Process Automation:
_bmodel-driven approach and practical design guidelines /
_cPatrick Kaltjob
260 _aBoca Raton :
_bCRC Press,
_c2018.
300 _a446p. ;
_bPaperback,
_c23cm.
942 _2ddc
_cBK
999 _c612908
_d612908